| 000 | 00494nam a22001697a 4500 | ||
|---|---|---|---|
| 005 | 20251108175636.0 | ||
| 008 | 250721s2016 xx 000 0 ara d | ||
| 082 | 1 | 4 | _a873/فرج |
| 100 | 1 |
_aفرجيليوس، _eمؤلف |
|
| 245 | 1 | 0 | _aالانيادة / |
| 264 | 1 |
_aالقاهرة : _bالمركز القومي للترجمة، _c2016. |
|
| 300 | _a311ص. | ||
| 650 | 1 | 7 | _aالادب اللاتيني |
| 700 | 1 |
_aحمدي، كمال _eمترجم |
|
| 942 |
_2ddc _cBK |
||
| 999 |
_c138934 _d138934 |
||